<?xml version="1.0" encoding="UTF-8"?>
<record
    xmlns:xsi="http://www.w3.org/2001/XMLSchema-instance"
    xsi:schemaLocation="http://www.loc.gov/MARC21/slim http://www.loc.gov/standards/marcxml/schema/MARC21slim.xsd"
    xmlns="http://www.loc.gov/MARC21/slim">

  <leader>00338nam a22001337a 4500</leader>
  <datafield tag="999" ind1=" " ind2=" ">
    <subfield code="c">8435</subfield>
    <subfield code="d">8435</subfield>
  </datafield>
  <controlfield tag="008">200130b           ||||| |||| 00| 0 eng d</controlfield>
  <datafield tag="020" ind1=" " ind2=" ">
    <subfield code="a">9789332585225</subfield>
  </datafield>
  <datafield tag="082" ind1=" " ind2=" ">
    <subfield code="a">005.82 STC</subfield>
  </datafield>
  <datafield tag="100" ind1=" " ind2=" ">
    <subfield code="a">STALLINGS,William </subfield>
  </datafield>
  <datafield tag="245" ind1=" " ind2=" ">
    <subfield code="a">Cryptography and network security</subfield>
  </datafield>
  <datafield tag="250" ind1=" " ind2=" ">
    <subfield code="a">17th</subfield>
  </datafield>
  <datafield tag="260" ind1=" " ind2=" ">
    <subfield code="a">NEW DELHI</subfield>
    <subfield code="b">Pearson Education</subfield>
    <subfield code="c">2017</subfield>
  </datafield>
  <datafield tag="952" ind1=" " ind2=" ">
    <subfield code="0">0</subfield>
    <subfield code="1">0</subfield>
    <subfield code="2">ddc</subfield>
    <subfield code="4">0</subfield>
    <subfield code="6">005_820000000000000_STC</subfield>
    <subfield code="7">0</subfield>
    <subfield code="8">BCA</subfield>
    <subfield code="9">48831</subfield>
    <subfield code="a">PIET</subfield>
    <subfield code="b">PIET</subfield>
    <subfield code="d">2020-01-30</subfield>
    <subfield code="e">KIRTI PRAKASHAN</subfield>
    <subfield code="f">IN RUPEES</subfield>
    <subfield code="g">749.00</subfield>
    <subfield code="k">IN5958</subfield>
    <subfield code="l">1</subfield>
    <subfield code="o">005.82 STC</subfield>
    <subfield code="p">BC1354</subfield>
    <subfield code="r">2023-01-31 00:00:00</subfield>
    <subfield code="s">2022-11-22</subfield>
    <subfield code="t">1</subfield>
    <subfield code="v">509.20</subfield>
    <subfield code="w">2020-01-03</subfield>
    <subfield code="y">BK</subfield>
  </datafield>
  <datafield tag="952" ind1=" " ind2=" ">
    <subfield code="0">0</subfield>
    <subfield code="1">0</subfield>
    <subfield code="2">ddc</subfield>
    <subfield code="4">0</subfield>
    <subfield code="6">005_820000000000000_STC</subfield>
    <subfield code="7">0</subfield>
    <subfield code="8">BCA</subfield>
    <subfield code="9">48832</subfield>
    <subfield code="a">PIET</subfield>
    <subfield code="b">PIET</subfield>
    <subfield code="d">2020-01-30</subfield>
    <subfield code="e">KIRTI PRAKASHAN</subfield>
    <subfield code="f">IN RUPEES</subfield>
    <subfield code="g">749.00</subfield>
    <subfield code="k">IN5958</subfield>
    <subfield code="l">1</subfield>
    <subfield code="o">005.82 STC</subfield>
    <subfield code="p">BC1355</subfield>
    <subfield code="q">2026-04-24</subfield>
    <subfield code="r">2025-10-06 00:00:00</subfield>
    <subfield code="s">2025-10-06</subfield>
    <subfield code="t">2</subfield>
    <subfield code="v">509.20</subfield>
    <subfield code="w">2020-01-03</subfield>
    <subfield code="y">BK</subfield>
  </datafield>
  <datafield tag="952" ind1=" " ind2=" ">
    <subfield code="0">0</subfield>
    <subfield code="1">0</subfield>
    <subfield code="2">ddc</subfield>
    <subfield code="4">0</subfield>
    <subfield code="6">005_820000000000000_STC</subfield>
    <subfield code="7">0</subfield>
    <subfield code="8">BCA</subfield>
    <subfield code="9">48833</subfield>
    <subfield code="a">PIET</subfield>
    <subfield code="b">PIET</subfield>
    <subfield code="d">2020-01-30</subfield>
    <subfield code="e">KIRTI PRAKASHAN</subfield>
    <subfield code="f">IN RUPEES</subfield>
    <subfield code="g">749.00</subfield>
    <subfield code="k">IN5958</subfield>
    <subfield code="l">0</subfield>
    <subfield code="o">005.82 STC</subfield>
    <subfield code="p">BC1356</subfield>
    <subfield code="r">2020-01-30 00:00:00</subfield>
    <subfield code="t">3</subfield>
    <subfield code="v">509.20</subfield>
    <subfield code="w">2020-01-03</subfield>
    <subfield code="y">BK</subfield>
  </datafield>
  <datafield tag="952" ind1=" " ind2=" ">
    <subfield code="0">0</subfield>
    <subfield code="1">0</subfield>
    <subfield code="2">ddc</subfield>
    <subfield code="4">0</subfield>
    <subfield code="6">005_820000000000000_STC</subfield>
    <subfield code="7">0</subfield>
    <subfield code="8">BCA</subfield>
    <subfield code="9">48834</subfield>
    <subfield code="a">PIET</subfield>
    <subfield code="b">PIET</subfield>
    <subfield code="d">2020-01-30</subfield>
    <subfield code="e">KIRTI PRAKASHAN</subfield>
    <subfield code="f">IN RUPEES</subfield>
    <subfield code="g">749.00</subfield>
    <subfield code="k">IN5958</subfield>
    <subfield code="l">1</subfield>
    <subfield code="o">005.82 STC</subfield>
    <subfield code="p">BC1357</subfield>
    <subfield code="r">2023-08-28 00:00:00</subfield>
    <subfield code="s">2023-03-18</subfield>
    <subfield code="t">4</subfield>
    <subfield code="v">509.20</subfield>
    <subfield code="w">2020-01-03</subfield>
    <subfield code="y">BK</subfield>
  </datafield>
  <datafield tag="952" ind1=" " ind2=" ">
    <subfield code="0">0</subfield>
    <subfield code="1">0</subfield>
    <subfield code="2">ddc</subfield>
    <subfield code="4">0</subfield>
    <subfield code="6">005_820000000000000_STC</subfield>
    <subfield code="7">0</subfield>
    <subfield code="8">BCA</subfield>
    <subfield code="9">48835</subfield>
    <subfield code="a">PIET</subfield>
    <subfield code="b">PIET</subfield>
    <subfield code="d">2020-01-30</subfield>
    <subfield code="e">KIRTI PRAKASHAN</subfield>
    <subfield code="f">IN RUPEES</subfield>
    <subfield code="g">749.00</subfield>
    <subfield code="k">IN5958</subfield>
    <subfield code="l">0</subfield>
    <subfield code="o">005.82 STC</subfield>
    <subfield code="p">BC1358</subfield>
    <subfield code="r">2020-01-30 00:00:00</subfield>
    <subfield code="t">5</subfield>
    <subfield code="v">509.20</subfield>
    <subfield code="w">2020-01-03</subfield>
    <subfield code="y">BK</subfield>
  </datafield>
</record>
